01747nam a2200337 a 450000100100000000500170001000800410002702000150006804000250008308200180010810000310012624500900015726000410024730000360028849000180032459000270034250000660036950000730043550400320050865000470054071000500058771000730063783000250071091000370073595201290077295201290090195201290103095201150115995201200127499900150139400000821420251119123450.0090915s1997 dr a 001 0 spa d a9768156724 aDO-SdBNPbspacBNPHU a668.95bM798m1 aMontolío, Adelina92227310aManual de plaguicidas agrícolas de la República Dominicana /cAdelina Montolío. aSanto Domingo :bUCSDbCODIA,c1997. a297 p. :bil., retrs. ;c21 cm.1 aHerbicidasv1 aInventariado, 2018/ YL aIncluye datos biográficos de la autora en la contracubierta aIncluye referencias bibliográficas y notas al pie de las páginas aBibliografía: p. 285 -289 4aPlaguicidaszRepública Dominicana92227422aUniversidad Católica de Santo Domingo9147622aColegio Dominicano de Ingenieros Arquitectos y Agrímensores922276 0aHerbicidasn1922277 aValidado. Control de calidad MFF 001154708DSaGRbGRcMId2010-09-17iLF1l0o668.95 M798mp8214-30r2020-06-25te.3w2020-06-25yLFDSZPréstamo en sala 001154708DSaGRbGRcMId2013-06-28iLF1l0o668.95 M798mp8214-40r2020-06-25te.4w2020-06-25yLFDSZPréstamo en sala 001154708DSaGRbGRcMId2013-07-09iLF1l0o668.95 M798mp8214-50r2020-06-25te.5w2020-06-25yLFDSZPréstamo en sala 0010718PDaPDbPDcHDd2009-09-15iLF1l0o668.95 M798mp8214-10r2020-06-25w2020-06-25yLFPDZNo se presta 0010718PDaPDbPDcHDd2009-09-15iLF1l0o668.95 M798mp8214-20r2020-06-25te.2w2020-06-25yLFPDZNo se presta c7987d7987